01377na a2200337 450000100060000000300080000600500170001400800410003102000180007203500100009004000250010008200230012509000220014810000280017024501860019824600500038426000690043430000240050350000850052750000150061260000370062760000340066465000570069865000430075565000480079870000230084670000250086994200130089495201190090799900130102612573MIRAKIL20181213154754.0160828b tu 000 0  a9786053323679 a12573 aMilasbturcTR-AnCHP a340.115bM11w 2015 a340.115 M11w 2015 aMcCormick, John Patrick aWeber, Habermas ve Avrupa devletinin dönüşümübAnayasal, sosyal ve uluslarüstü demokrasicJohn P. McCormick; Çeviren Ferit Burak Aydar ; Editör Devrim Çetinkasap aAnayasal, sosyal ve uluslarüstü demokrasi aİstanbulbTürkiye iş bankası kültür yayınlarıc2015 axiv, 362 s.c23 sm. aözgün yapıt adı: Weber, Habermas and Transformations of the European State aDizin var. aWeber, Maxd1864-1920eDemokrasi aHabermas, JürgeneDemokrasi aSosyal bütünleşmexAvrupa Birliği ülkeleri aDemokrasizAvrupa Birliği ülkeleri aAnayasa tarihizAvrupa Birliği ülkeleri aAydar, Ferit Burak aÇetinkasap, Devrim 2ddccBKS a0001b0001d2016-07-26e2l1m2o340.115 M11w 2015p000112r2019-03-05 00:00:00s2019-01-03v0.00w2016-07-26yBKS c599d599